Neil Armstrong / (Record no. 282655)
[ view plain ]
| 000 -LEADER | |
|---|---|
| fixed length control field | 01694cam a2200469 i 4500 |
| 001 - CONTROL NUMBER | |
| control field | ocn832284824 |
| 003 - CONTROL NUMBER IDENTIFIER | |
| control field | OCoLC |
| 005 - DATE AND TIME OF LATEST TRANSACTION | |
| control field | 20200320191934.0 |
| 008 - FIXED-LENGTH DATA ELEMENTS--GENERAL INFORMATION | |
| fixed length control field | 130324t20132014mnua c 001 0 eng d |
| 010 ## - LIBRARY OF CONGRESS CONTROL NUMBER | |
| LC control number | 2013931673 |
| 020 ## - INTERNATIONAL STANDARD BOOK NUMBER | |
| International Standard Book Number | 9781617839634 (lib. bdg.) |
| 020 ## - INTERNATIONAL STANDARD BOOK NUMBER | |
| International Standard Book Number | 1617839639 (lib. bdg.) |
| 020 ## - INTERNATIONAL STANDARD BOOK NUMBER | |
| Terms of availability | 18.95 |
| 035 ## - SYSTEM CONTROL NUMBER | |
| System control number | (OCoLC)832284824 |
| 040 ## - CATALOGING SOURCE | |
| Original cataloging agency | BTCTA |
| Language of cataloging | eng |
| Transcribing agency | BTCTA |
| Modifying agency | BDX |
| -- | MLY |
| -- | FOLLT |
| -- | LD4 |
| -- | QBX |
| -- | WACOL |
| 043 ## - GEOGRAPHIC AREA CODE | |
| Geographic area code | n-us--- |
| 049 ## - LOCAL HOLDINGS (OCLC) | |
| Holding library | WACL |
| 050 #4 - LIBRARY OF CONGRESS CALL NUMBER | |
| Classification number | TL789.85.A75 |
| Item number | O45 2014 |
| 082 04 - DEWEY DECIMAL CLASSIFICATION NUMBER | |
| Classification number | 629.45/0092 |
| -- | B |
| Edition number | 23 |
| 092 ## - LOCALLY ASSIGNED DEWEY CALL NUMBER (OCLC) | |
| Classification number | J92 |
| Item number | Arm |
| 100 1# - MAIN ENTRY--PERSONAL NAME | |
| Personal name | Ollhoff, Jim, |
| Dates associated with a name | 1959- |
| Relator term | author. |
| 9 (RLIN) | 5703346 |
| 245 10 - TITLE STATEMENT | |
| Title | Neil Armstrong / |
| Statement of responsibility, etc | by Jim Ollhoff. |
| 260 ## - PUBLICATION, DISTRIBUTION, ETC. (IMPRINT) | |
| Place of publication, distribution, etc | Minneapolis, MN : |
| Name of publisher, distributor, etc | ABDO Publishing Company, |
| Date of publication, distribution, etc | [2013], c2014. |
| 300 ## - PHYSICAL DESCRIPTION | |
| Extent | 32 pages : |
| Other physical details | illustrations (some color) ; |
| Dimensions | 26 cm. |
| 336 ## - Content Type | |
| Content type term | text |
| 337 ## - Media type | |
| Media type term | unmediated |
| 338 ## - Carrier type | |
| Carrier type term | volume |
| 490 1# - SERIES STATEMENT | |
| Series statement | Great explorers |
| 500 ## - GENERAL NOTE | |
| General note | Includes index. |
| 600 10 - SUBJECT ADDED ENTRY--PERSONAL NAME | |
| Personal name | Armstrong, Neil, |
| Dates associated with a name | 1930-2012 |
| Form subdivision | Juvenile literature. |
| 9 (RLIN) | 5703960 |
| 650 #0 - SUBJECT ADDED ENTRY--TOPICAL TERM | |
| Topical term or geographic name as entry element | Astronauts |
| Geographic subdivision | United States |
| Form subdivision | Biography |
| -- | Juvenile literature. |
| 9 (RLIN) | 5747040 |
| 610 20 - SUBJECT ADDED ENTRY--CORPORATE NAME | |
| Corporate name or jurisdiction name as entry element | Project Apollo (U.S.) |
| Form subdivision | Juvenile literature. |
| 9 (RLIN) | 5700610 |
| 650 #0 - SUBJECT ADDED ENTRY--TOPICAL TERM | |
| Topical term or geographic name as entry element | Space flight to the moon |
| Form subdivision | Juvenile literature. |
| 9 (RLIN) | 5700612 |
| 830 #0 - SERIES ADDED ENTRY--UNIFORM TITLE | |
| Uniform title | Great explorers (ABDO Publishing Company) |
| 9 (RLIN) | 5885357 |
| 938 ## - | |
| -- | Baker and Taylor |
| -- | BTCP |
| -- | BK0012994296 |
| 938 ## - | |
| -- | Brodart |
| -- | BROD |
| -- | 104275448 |
| 938 ## - | |
| -- | Quality Books, Inc. |
| -- | QUAL |
| -- | a 13931673 |
| 942 ## - ADDED ENTRY ELEMENTS (KOHA) | |
| Koha item type | BOOK |
| 948 ## - LOCAL PROCESSING INFORMATION (OCLC); SERIES PART DESIGNATOR (RLIN) | |
| Series part designator, SPT (RLIN) | 01/15/2014 |
| z (OCLC) | Sirsi |
| 994 ## - | |
| -- | 02 |
| -- | WACOL |
| 996 ## - | |
| -- | 106464 |
| -- | 34301001279423 |
| -- | JNF |
| -- | bk |
| -- | wcl |
| -- | i |
| -- | 17 |
| -- | 18.95 |
| -- | rainbow |
| -- | 92 Arm |
| -- | 01/15/2014 |
| -- | 03/22/2019 |
| -- | 03/12/2019 |
| Withdrawn status | Lost status | Source of classification or shelving scheme | Damaged status | Not for loan | Collection code | Home library | Current library | Shelving location | Date acquired | Source of acquisition | Cost, normal purchase price | Total Checkouts | Total Renewals | Full call number | Barcode | Date last seen | Date checked out | Cost, replacement price | Price effective from | Koha item type |
|---|---|---|---|---|---|---|---|---|---|---|---|---|---|---|---|---|---|---|---|---|
| Dewey Decimal Classification | Junior NonFiction | Wasatch County Library | Wasatch County Library | Second Floor | 01/15/2014 | 18.95 | 24 | 6 | J 92 Arm | 34301001279423 | 12/26/2025 | 07/22/2025 | 18.95 | 03/20/2020 | BOOK |
